000 00550nam a2200205Ia 4500
001 11891
003 GE_BSU
008 181216s||||||||xx |||||||||||||| ||und||
040 _cGE_BSU
080 _a634(075.3)
245 _aПлодоводство
245 _bУчебник
245 _cПод.ред.З.И.Якушева. Ред. З.И.Уткина.Худ.Р.Р.Вейлерт
260 _aМосква
260 _bКолос
260 _c1982
300 _a413стр.ил.22см.
653 _aПлодоводство
942 _cBK
999 _c45068
_d45068